Returning to mother earth : (Record no. 2284)
[ view plain ]
| 000 -LEADER | |
|---|---|
| fixed length control field | 00861cam a2200265Ma 4500 |
| 001 - CONTROL NUMBER | |
| control field | 11205759 |
| 003 - CONTROL NUMBER IDENTIFIER | |
| control field | GBCCL |
| 005 - DATE AND TIME OF LATEST TRANSACTION | |
| control field | 20241126110425.0 |
| 008 - FIXED-LENGTH DATA ELEMENTS--GENERAL INFORMATION | |
| fixed length control field | 130125s2012 ch 000 0 eng d |
| 035 ## - SYSTEM CONTROL NUMBER | |
| System control number | (OCoLC)ocn919117111 |
| 035 ## - SYSTEM CONTROL NUMBER | |
| System control number | 11205759 |
| 040 ## - CATALOGING SOURCE | |
| Original cataloging agency | SzZUIDS |
| Language of cataloging | ger |
| Transcribing agency | CHVBK |
| Modifying agency | CtY-D |
| 050 04 - | |
| -- | BV3151.3 |
| -- | .L66 2013 |
| 082 ## - DEWEY DECIMAL CLASSIFICATION NUMBER | |
| Classification number | 266 |
| Item number | LON |
| 100 1# - MAIN ENTRY--PERSONAL NAME | |
| Personal name | Longchar, A. Wati, |
| Dates associated with a name | 1958- |
| 9 (RLIN) | 4714 |
| 110 2# - MAIN ENTRY--CORPORATE NAME | |
| Corporate name or jurisdiction name as entry element | Programme for Theology and Cultures in Asia. |
| 9 (RLIN) | 4715 |
| 245 10 - TITLE STATEMENT | |
| Title | Returning to mother earth : |
| Remainder of title | theology, Christian witness and theological education : an indigenous perspective / |
| Statement of responsibility, etc. | A. Wati Longchar. |
| 260 ## - PUBLICATION, DISTRIBUTION, ETC. | |
| Place of publication, distribution, etc. | Tainan : |
| Name of publisher, distributor, etc. | PTCA/SCEPTRE, |
| Date of publication, distribution, etc. | 2012. |
| 300 ## - PHYSICAL DESCRIPTION | |
| Extent | 315 p. ; |
| Dimensions | 23 cm. |
| 490 1# - SERIES STATEMENT | |
| Series statement | PTCA series ; |
| Volume/sequential designation | no. 4 |
| 600 00 - SUBJECT ADDED ENTRY--PERSONAL NAME | |
| Personal name | Missions. |
| 9 (RLIN) | 4716 |
| 650 #0 - SUBJECT ADDED ENTRY--TOPICAL TERM | |
| Topical term or geographic name entry element | Theology, Practical. |
| 9 (RLIN) | 3084 |
| 830 #0 - | |
| -- | PTCA series ; |
| -- | 4. |
| -- | 4717 |
| 942 ## - ADDED ENTRY ELEMENTS (KOHA) | |
| Source of classification or shelving scheme | Dewey Decimal Classification |
| Koha item type | Books |
| Koha issues (borrowed), all copies | 1 |
| Withdrawn status | Lost status | Source of classification or shelving scheme | Damaged status | Not for loan | Home library | Current Library | Shelving location | Date acquired | Total checkouts | Full call number | Barcode | Date last seen | Date last checked out | Copy number | Price effective from | Koha item type |
|---|---|---|---|---|---|---|---|---|---|---|---|---|---|---|---|---|
| Dewey Decimal Classification | GRACE BIBLE COLLEGE | GRACE BIBLE COLLEGE | Ministry & Mission | 2017-07-25 | 2 | 266 LON | 010566 | 2026-02-25 | 2026-02-19 | c.1 | 2017-07-25 | Books |